Teatro bajo mi piel: (Record no. 1674)

MARC details
000 -LEADER
campo de control de longitud fija 00969nam a2200145 4500
008 - DATOS DE LONGITUD FIJA--INFORMACIÓN GENERAL
campo de control de longitud fija 861.972.84 T253t
020 ## - NÚMERO INTERNACIONAL ESTÁNDAR DEL LIBRO
Número Internacional Estándar del Libro 9789992387672
082 ## - NÚMERO DE LA CLASIFICACIÓN DECIMAL DEWEY
Número de clasificación 861.972.84
Número de ítem T253t
100 ## - ENTRADA PRINCIPAL--NOMBRE DE PERSONA
Nombre de persona Editorial Kalina
9 (RLIN) 6800
245 ## - MENCIÓN DEL TÍTULO
Título Teatro bajo mi piel:
Resto del título poesía salvadoreña contemporánea
260 ## - PUBLICACIÓN, DISTRIBUCIÓN, ETC.
Lugar de publicación, distribución, etc. San Salvador
Nombre del editor, distribuidor, etc. Editorial Kalina
Fecha de publicación, distribución, etc. 2014
300 ## - DESCRIPCIÓN FÍSICA
Extensión 290 p.
Otras características físicas ill
Dimensiones 21,5 x 14 cm
505 ## - NOTA DE CONTENIDO CON FORMATO
Título Prefacio
Mención de responsabilidad Francisco Aragón
Título Palabras preliminares
-- La diáspora salvadoreña en Estados Unidos
Mención de responsabilidad Ana Patricia Rodríguez
Título Pájaro de carbón en lata y los blues, dialogo entre dos orillas
Mención de responsabilidad Tania Pleitez vela
Título Una breve nota sobre el proceso de traducción
-- Fobiápolis
-- René Rodas (1962)
-- Otoniel Guevara (1967)
-- Susana Reyes (1971)
-- Jorge Galán (1973)
-- Roxana Méndez (1979)
-- Krisma Mancía (1980)
-- Elena Salamanca (1982)
-- Vladimir Amaya (1985)
-- Miroslava Rosales (1985)
-- Blues del Imigrante
-- Quique Aviles (1965)
-- José B. González (1967)
650 ## - PUNTO DE ACCESO ADICIONAL DE MATERIA--TÉRMINO DE MATERIA
Subdivisión general literatura
-- poesía
-- El Salvador
9 (RLIN) 6801
Holdings
Estatus retirado Estado de pérdida Fuente del sistema de clasificación o colocación Estado de daño No para préstamo Biblioteca de origen Biblioteca actual Ubicación en estantería Fecha de adquisición Total de préstamos Signatura topográfica completa Código de barras Visto por última vez Precio de reemplazo Tipo de ítem Koha
    Clasificación Decimal Dewey     Biblioteca LadoV Biblioteca LadoV   21/11/2018   861.972.84 T253t 004694 21/11/2018 21/11/2018 Material 01